| 000 | 00788nam a2200289Ia 4500 | ||
|---|---|---|---|
| 005 | 20260324120302.0 | ||
| 008 | 008 260324s9999 xx 000 0 eng d | ||
| 020 | _a9780203819142 | ||
| 037 | _aEBOOK | ||
| 040 | _aCRL | ||
| 040 | _beng | ||
| 040 | _cCRL | ||
| 041 | _2eng | ||
| 041 | _aeng | ||
| 084 | _qCRL | ||
| 100 |
_aRand J. Spiro; Michael DeSchryver; Michelle Schira Hagerman; Paul M. Morsink; Penny Thompson _91157964 |
||
| 245 | 0 | _aReading at a Crossroads? | |
| 245 | 0 | _bDisjunctures and Continuities in Current Conceptions and Practices | |
| 260 | _bTaylor and Francis | ||
| 260 | _c2015 | ||
| 365 | _a | ||
| 365 | _b255 | ||
| 856 | _uhttp://www.taylorfrancis.com/books/9780203819142 | ||
| 942 | _cEBOOK | ||
| 999 |
_c1749418 _d1749418 |
||